[Event "Florianopolis op 10th"]
[Site "Florianopolis"]
[Date "2024.01.23"]
[Round "5"]
[White "Becker, Rogerio Sperb"]
[Black "Viana, Daniel Fernandes"]
[Result "1-0"]
[WhiteElo "2114"]
[BlackElo "1830"]
[PlyCount "58"]
[EventDate "2024.01.20"]
[EventType "swiss"]
[EventRounds "10"]
[EventCountry "BRA"]
[SourceTitle "CB05_2024"]
[SourceDate "2024.01.31"]
[SourceVersion "1"]
[SourceVersionDate "2024.01.31"]
[SourceQuality "1"]

1. c4 c5 2. Nf3 Nc6 3. g3 g6 4. Bg2 Bg7 5. 0-0 d6 6. Nc3 e5 7. d3 Nge7 8. Rb1 0-0 9. Ne1 Be6 10. Nd5 Rb8 11. Nc2 b5 12. Bg5 f6 13. Bd2 Qd7 14. Nce3 Bh3 15. cxb5 Rxb5 16. Bxh3 Qxh3 17. Nxe7+ Nxe7 18. Qa4 Qd7 19. Qc4+ Kh8 20. Nd5 Nxd5 21. Qxd5 Rc8 22. Rfc1 c4 23. Qf3 d5 24. dxc4 dxc4 25. Bc3 Rd5 26. e4 Rd3 27. Qe2 Bh6 28. Rc2 Rd8 29. Qe1 Qa4 1-0

[Event "Joao Pessoa de Assis Memorial 3rd"]
[Site "Joao Pessoa"]
[Date "2023.10.20"]
[Round "2"]
[White "Viana, Daniel Fernandes"]
[Black "Urquiza, Marcello de Albuque"]
[Result "1/2-1/2"]
[WhiteElo "1781"]
[BlackElo "2016"]
[PlyCount "66"]
[EventDate "2023.10.20"]
[EventType "swiss"]
[EventRounds "6"]
[EventCountry "BRA"]
[SourceTitle "Mega2024 Update 01"]
[Source "Chessbase"]
[SourceDate "2023.11.12"]
[SourceVersion "1"]
[SourceVersionDate "2023.11.12"]
[SourceQuality "1"]

1. c4 c5 2. Nc3 Nc6 3. g3 Nf6 4. Bg2 e6 5. Nf3 Be7 6. 0-0 0-0 7. e3 d5 8. cxd5 exd5 9. d4 Bg4 10. Ne2 Qb6 11. Ne5 Bf5 12. Nxc6 bxc6 13. dxc5 Bxc5 14. Nc3 Bb4 15. Bd2 Rab8 16. Na4 Qa5 17. Bxb4 Rxb4 18. b3 c5 19. Rc1 c4 20. Nc3 Bd3 21. Re1 Rd8 22. Qd2 Qc5 23. Ne2 Bxe2 24. Rxe2 Qb6 25. bxc4 Rxc4 26. Qd1 Rxc1 27. Qxc1 d4 28. exd4 Qxd4 29. Qb2 Qxb2 30. Rxb2 Rd1+ 31. Bf1 Kf8 32. Kg2 Ke7 33. Bc4 Rd7 1/2-1/2

[Event "Joao Pessoa op"]
[Site "Joao Pessoa"]
[Date "2023.03.22"]
[Round "3"]
[White "Viana, Daniel Fernandes"]
[Black "Do Nascimento, Davi Alves"]
[Result "0-1"]
[WhiteElo "1775"]
[BlackElo "2011"]
[PlyCount "82"]
[EventDate "2023.03.17"]
[EventType "swiss"]
[EventRounds "6"]
[EventCountry "BRA"]
[SourceTitle "EXT 2024"]
[Source "ChessBase"]
[SourceDate "2023.10.10"]
[SourceVersion "1"]
[SourceVersionDate "2023.10.10"]
[SourceQuality "1"]

1. c4 c6 2. Nf3 Nf6 3. Nc3 d5 4. cxd5 cxd5 5. d4 Nc6 6. Bf4 e6 7. e3 Qb6 8. Qb3 Qxb3 9. axb3 Bb4 10. Bd3 Bd7 11. 0-0 0-0 12. Bb5 Rfc8 13. Bxc6 Bxc6 14. Rfc1 Nh5 15. Bg3 Nxg3 16. hxg3 f6 17. Ne1 Be8 18. Nd3 Be7 19. Kf1 a5 20. Na4 Bb5 21. Ke2 Rc6 22. Rxc6 bxc6 23. Kd2 Rb8 24. Nc1 Bb4+ 25. Nc3 e5 26. Nd3 Bxc3+ 27. bxc3 Bxd3 28. Kxd3 Rxb3 29. Kc2 Rb5 30. f4 Kf7 31. f5 Ke7 32. Rh1 h6 33. g4 Kd6 34. g5 hxg5 35. Rh8 exd4 36. exd4 Rb7 37. Ra8 Re7 38. Kd2 Re4 39. Rxa5 Rg4 40. Ra7 Rxg2+ 41. Ke3 Rg3+ 0-1

[Event "Joao Pessoa op"]
[Site "Joao Pessoa"]
[Date "2023.03.17"]
[Round "2"]
[White "Mazetto, Sergio Luiz"]
[Black "Viana, Daniel Fernandes"]
[Result "1/2-1/2"]
[WhiteElo "2066"]
[BlackElo "1775"]
[PlyCount "65"]
[EventDate "2023.03.17"]
[EventType "swiss"]
[EventRounds "6"]
[EventCountry "BRA"]
[SourceTitle "EXT 2024"]
[Source "ChessBase"]
[SourceDate "2023.10.10"]
[SourceVersion "1"]
[SourceVersionDate "2023.10.10"]
[SourceQuality "1"]

1. c4 c5 2. g3 Nc6 3. Bg2 g6 4. Nc3 Bg7 5. a3 Rb8 6. e3 Nf6 7. Nge2 0-0 8. d4 d6 9. h3 a6 10. 0-0 Na5 11. b3 b5 12. cxb5 axb5 13. Qc2 Qb6 14. dxc5 dxc5 15. e4 Be6 16. Rb1 Nc6 17. Nd5 Nxd5 18. exd5 Bf5 19. Be4 Bxe4 20. Qxe4 Nd4 21. Nxd4 Bxd4 22. Qxe7 Rfe8 23. Qh4 Rbd8 24. Bh6 Rxd5 25. Rbe1 Rde5 26. Rxe5 Rxe5 27. Qg4 Qe6 28. Qxe6 Rxe6 29. Kg2 Re2 30. Kf3 Rb2 31. Kg2 Re2 32. Kg1 Re6 33. a4 1/2-1/2

[Event "BRA-ch 88th"]
[Site "Recife"]
[Date "2022.12.23"]
[Round "11"]
[White "Soares, Alberto M Colares"]
[Black "Viana, Daniel Fernandes"]
[Result "1-0"]
[WhiteElo "2123"]
[BlackElo "1813"]
[PlyCount "117"]
[EventDate "2022.12.15"]
[EventType "swiss"]
[EventRounds "11"]
[EventCountry "BRA"]
[SourceTitle "CBM 212 Extra"]
[Source "ChessBase"]
[SourceDate "2023.03.31"]
[SourceVersion "1"]
[SourceVersionDate "2023.03.31"]
[SourceQuality "1"]

1. c4 c5 2. Nc3 Nc6 3. g3 g6 4. Bg2 Bg7 5. d3 d6 6. e4 e6 7. Nge2 Nge7 8. 0-0 0-0 9. Rb1 b6 10. a3 Bb7 11. b4 Qd7 12. b5 Nd4 13. Nxd4 cxd4 14. Ne2 d5 15. cxd5 exd5 16. Nf4 dxe4 17. dxe4 Rfe8 18. Qb3 Rad8 19. Rd1 Nc8 20. Bh3 Qe7 21. f3 Qc5 22. Nd3 Qe7 23. Bd2 Kh8 24. Re1 Nd6 25. Rbc1 Ba8 26. a4 Qb7 27. Bg2 Qd7 28. Bf4 h6 29. h4 f5 30. e5 Nb7 31. e6 Qd5 32. Qxd5 Rxd5 33. Rc7 Nc5 34. Nb4 Rdd8 35. Rxa7 Rxe6 36. Rd1 Bb7 37. Nd3 Nxd3 38. Rxd3 Bd5 39. Rd1 Ra8 40. Rxa8+ Bxa8 41. Bc7 Bd5 42. a5 bxa5 43. Bxa5 Bb7 44. Bc7 Bf8 45. f4 Bxg2 46. Kxg2 Bc5 47. Rb1 Bb6 48. Bxb6 Rxb6 49. Kf3 Kg7 50. Ke2 Kf7 51. Kd3 Ke7 52. Kxd4 Kd7 53. Kc5 Re6 54. b6 Kc8 55. Ra1 Re2 56. Ra8+ Kb7 57. Ra7+ Kb8 58. Rg7 Re6 59. Kb5 1-0

[Event "BRA-ch 88th"]
[Site "Recife"]
[Date "2022.12.18"]
[Round "5"]
[White "Araujo, Henrique Jose Morai"]
[Black "Viana, Daniel Fernandes"]
[Result "1-0"]
[WhiteElo "2047"]
[BlackElo "1813"]
[PlyCount "87"]
[EventDate "2022.12.15"]
[EventType "swiss"]
[EventRounds "11"]
[EventCountry "BRA"]
[SourceTitle "CBM 212 Extra"]
[Source "ChessBase"]
[SourceDate "2023.03.31"]
[SourceVersion "1"]
[SourceVersionDate "2023.03.31"]
[SourceQuality "1"]

1. e4 c5 2. Nf3 e6 3. d4 cxd4 4. Nxd4 a6 5. Be2 Nf6 6. Nc3 Qc7 7. 0-0 d6 8. Be3 Be7 9. a4 b6 10. f4 Nbd7 11. Kh1 0-0 12. Bg1 Bb7 13. Bf3 g6 14. Qd2 e5 15. Nb3 Nc5 16. Rae1 Rad8 17. f5 Bc6 18. Nxc5 dxc5 19. Qh6 Rfe8 20. g4 Bf8 21. Qh4 b5 22. axb5 axb5 23. g5 Nd7 24. Re3 Bd6 25. Be2 Qb7 26. fxg6 fxg6 27. Rf7 h5 28. Bxh5 Re7 29. Rxe7 Bxe7 30. Bxg6 Nf8 31. Bf5 b4 32. Ne2 c4 33. Rh3 Rd6 34. Ng3 Rd1 35. Qh5 Re1 36. g6 Bf6 37. g7 Bxg7 38. Qf3 Qa7 39. Ne2 Qa1 40. Kg2 Qxb2 41. Bc5 Qxc2 42. Kf2 Qb1 43. Kg2 Qd1 44. Bg4 1-0

[Event "BRA-ch 88th"]
[Site "Recife"]
[Date "2022.12.17"]
[Round "4"]
[White "Viana, Daniel Fernandes"]
[Black "Costa, Janio Pedro Teixeir"]
[Result "1-0"]
[WhiteElo "1813"]
[BlackElo "1279"]
[PlyCount "120"]
[EventDate "2022.12.15"]
[EventType "swiss"]
[EventRounds "11"]
[EventCountry "BRA"]
[SourceTitle "CBM 212 Extra"]
[Source "ChessBase"]
[SourceDate "2023.03.31"]
[SourceVersion "1"]
[SourceVersionDate "2023.03.31"]
[SourceQuality "1"]

1. d4 d5 2. c4 e6 3. cxd5 exd5 4. Nc3 Nf6 5. Bg5 Be7 6. e3 h6 7. Bh4 0-0 8. Bd3 b6 9. Nge2 Nbd7 10. 0-0 Bb7 11. Qc2 Rc8 12. f3 c5 13. Rad1 Re8 14. Bf2 Qc7 15. Nb5 Qb8 16. Bg3 Qa8 17. Nc7 Rxc7 18. Bxc7 Rc8 19. Bg3 cxd4 20. Qd2 dxe3 21. Qxe3 Bc5 22. Nd4 Re8 23. Qf2 Nh5 24. Bb5 Rd8 25. Bc7 Rc8 26. Bg3 Bc6 27. Bxc6 Rxc6 28. b4 Nxg3 29. hxg3 Bxd4 30. Rxd4 Rc4 31. Rfd1 Nf6 32. g4 Qf8 33. Qd2 Qe7 34. Rxc4 dxc4 35. Qd8+ Qxd8 36. Rxd8+ Kh7 37. b5 c3 38. Rc8 Nd5 39. Kf2 Kg6 40. Rc6+ Kg5 41. g3 f6 42. Ke2 Kg6 43. a3 Kf7 44. Rd6 c2 45. Kd2 Ne3 46. Rd7+ Ke6 47. Rxa7 Kd5 48. Rd7+ Kc4 49. Rc7+ Kb3 50. Rc3+ Kb2 51. a4 Nf1+ 52. Kd3 c1Q 53. Rxc1 Kxc1 54. a5 bxa5 55. b6 a4 56. b7 a3 57. b8Q a2 58. Qf4+ Kb1 59. Qb4+ Kc1 60. Qc3+ Kb1 1-0

[Event "Joao Pessoa de Assis Memorial 2nd"]
[Site "Joao Pessoa"]
[Date "2022.10.22"]
[Round "4"]
[White "Viana, Daniel Fernandes"]
[Black "Gazineu Neto, Rubens"]
[Result "0-1"]
[WhiteElo "1853"]
[BlackElo "1897"]
[PlyCount "79"]
[EventDate "2022.10.21"]
[EventType "swiss"]
[EventRounds "6"]
[EventCountry "BRA"]
[SourceTitle "CBM 210 Extra"]
[Source "ChessBase"]
[SourceDate "2022.11.30"]
[SourceVersion "1"]
[SourceVersionDate "2022.11.30"]
[SourceQuality "1"]

1. d4 d5 2. c4 c6 3. cxd5 cxd5 4. Nc3 Nf6 5. Bf4 Nc6 6. e3 a6 7. Bd3 Bg4 8. Nge2 e6 9. Qb3 Na5 10. Qa4+ b5 11. Bxb5+ axb5 12. Nxb5 Nc6 13. Nc7+ Kd7 14. Qxa8 Qxa8 15. Nxa8 Bb4+ 16. Kf1 Rxa8 17. f3 Bf5 18. Kf2 h6 19. a3 Be7 20. g4 Bh7 21. b4 Ne8 22. Nc3 Bd6 23. b5 Na5 24. Bxd6 Nxd6 25. Na4 Kd8 26. Nc5 Nxb5 27. a4 Nd6 28. h4 Rb8 29. Ra2 Ndc4 30. g5 h5 31. Re2 Ke7 32. e4 dxe4 33. fxe4 Kd6 34. Nd3 Rb3 35. Nf4 e5 36. dxe5+ Kxe5 37. Nxh5 Ra3 38. Kg2 Rxa4 39. Ng3 Rb4 40. Kf3 0-1

[Event "Joao Pessoa de Assis Memorial 2nd"]
[Site "Joao Pessoa"]
[Date "2022.10.21"]
[Round "1"]
[White "Da Silva Junior, Emanuel Tavares"]
[Black "Viana, Daniel Fernandes"]
[Result "1/2-1/2"]
[WhiteElo "1465"]
[BlackElo "1853"]
[PlyCount "93"]
[EventDate "2022.10.21"]
[EventType "swiss"]
[EventRounds "6"]
[EventCountry "BRA"]
[SourceTitle "CBM 210 Extra"]
[Source "ChessBase"]
[SourceDate "2022.11.30"]
[SourceVersion "1"]
[SourceVersionDate "2022.11.30"]
[SourceQuality "1"]

1. e4 c5 2. Nf3 d6 3. Bc4 Nc6 4. d4 cxd4 5. Nxd4 Nf6 6. Nc3 e6 7. 0-0 Be7 8. Bg5 0-0 9. a3 a6 10. Re1 Qc7 11. Qd2 b5 12. Nxc6 Qxc6 13. Bd3 Bb7 14. f3 h6 15. Bh4 Rfe8 16. Bf2 Nd7 17. Ne2 Ne5 18. Nd4 Qc7 19. Be2 d5 20. exd5 Bxd5 21. Bg3 Bd6 22. b3 Rad8 23. Kf1 Ng6 24. Bxd6 Qxd6 25. g3 Bxf3 26. Nxf3 Qxd2 27. Nxd2 Rxd2 28. Rac1 Ne7 29. h3 Nf5 30. Kf2 Rc8 31. c4 bxc4 32. bxc4 Ra2 33. Rc3 Kf8 34. Rd1 Ke7 35. c5 e5 36. Ke1 Nd4 37. Bxa6 Rd8 38. Rdc1 Rh2 39. c6 Rh1+ 40. Kf2 Rxc1 41. Rxc1 Nxc6 42. Rxc6 Rd2+ 43. Ke3 Rg2 44. Kf3 Ra2 45. Rc3 f5 46. Bb5 g5 47. a4 1/2-1/2